| 000 | 01607nam0a22002771 4500 | ||
|---|---|---|---|
| 001 | rc\3458421 | ||
| 005 | 20250610114524.0 | ||
| 021 |
_aRU _bРг1328-75 |
||
| 021 |
_aRU _b74-ОЭ-328/30 |
||
| 035 | _a(NLR Aleph) 007884871 | ||
| 090 |
_a7941072 _c7941072 |
||
| 100 | _a20130115d1974 |||y0rusy50 ca | ||
| 101 | 0 | _arus | |
| 102 | _aRU | ||
| 105 | _ay z ||||| | ||
| 200 | 1 |
_aРекомендации научно-технической конференции: "О комплексном развитии гор. хозяйства г. Липецка на 1974-1980 годы". 8-9 февраля 1974 г. _fЛипец. горком КПСС. Исполком гор. Совета депутатов трудящихся. Обл. упр. коммун. хоз-ва. Главлипецкстрой. Минтяжстроя СССР. Липец. обл. правл. НТО стройиндустрии |
|
| 210 |
_aЛипецк _cБ. и. _d[1974] |
||
| 215 |
_a13 с. _d20 |
||
| 532 | 1 | 3 | _aРекомендации научно-технической конференции: О комплексном развитии гор. хозяйства г. Липецка на 1974-1980 годы. 8-9 февраля 1974 г. |
| 710 | 1 | 2 |
_a"О комплексном развитии городского хозяйства г. Липецка на 1974-1980 годы", научно-техническая конференция _eЛипецк _f1974 _9418281 _3RU\NLR\AUTH\880375989 |
| 801 | 0 |
_aRU _bNLR _gpsbo |
|
| 801 | 1 |
_aRU _bELAR _2rusmarc |
|
| 852 |
_aNLR _j74-4/28980 |
||
| 942 | _cBOOK | ||
| 980 | _aNB | ||